Hospital Beds Quiz Stats

 Plays Quiz not verified by Sporcle

Challenge
Share
Tweet
Embed
Score 0/47 Timer 10:00
0 Plays Today
Hint Answer % Correct
31USA
95.5%
97Russia
90.9%
71France
90.9%
34UK
90.9%
138Japan
86.4%
32Spain
86.4%
82Germany
84.1%
38Australia
77.3%
36Denmark
77.3%
52Ireland
72.7%
123South Korea
70.5%
66Poland
68.2%
62New Zealand
68.2%
58Iceland
68.2%
53Switzerland
68.2%
43Netherlands
68.2%
87Ukraine
61.4%
70Hungary
61.4%
47Slovenia
61.4%
72Czech Republic
56.8%
68Lithuania
56.8%
65Bulgaria
56.8%
64Latvia
56.8%
55Croatia
56.8%
Hint Answer % Correct
54Serbia
56.8%
56Luxembourg
54.5%
112Belarus
52.3%
57Estonia
50%
49Malta
45.5%
46Macedonia
45.5%
132North Korea
43.2%
59Cuba
43.2%
40Montenegro
43.2%
37Cyprus
40.9%
77Kazakhstan
38.6%
41Turkmenistan
38.6%
61Tajikistan
36.4%
79Azerbaijan
34.1%
51Kyrgyzstan
34.1%
48Uzbekistan
34.1%
33Georgia
31.8%
50Nepal
22.7%
35Lebanon
22.7%
76Barbados
18.2%
39Seychelles
18.2%
60Saint Kitts and Nevis
15.9%
30Zimbabwe
9.1%

You're not logged in!

Compare scores with friends on all Sporcle quizzes.
Join for Free
OR
Log In

You Might Also Like...

Show Comments

Extras

Created Oct 13, 2013ReportNominate
Tags:bed, health, healthcare, hospital

Top Quizzes Today


Score Distribution

Your Account Isn't Verified!

In order to create a playlist on Sporcle, you need to verify the email address you used during registration. Go to your Sporcle Settings to finish the process.

Report this User

Report this user for behavior that violates our Community Guidelines.

Details: